00471nam a2200193 a 4500001001300000003000900013005001700022008004100039020000800080082001500088100001900103245001800122260003800140300000800178500003500186505001000221650002700231700001900258nice12345678IN_TiNIC20260116012016.0050524s1975 laha grp 000 0 urd  ac100a232.9bKHA aKhan, Barkat A aNajat Dehinda aLahorebMasihi Ishaat Khanac1975 a58p aincludes index and biblioraphy2 aIndex aJesus Christ-Biography1 aKhan, Barkat A